000 00561nam a2200181Ia 4500
003 OSt
005 20240911144436.0
008 220927b |||||||| |||| 00| 0 eng d
040 _aSDCL
_cSDCL
_beng
041 _2eng
_aeng
082 _aRxe7 J6
100 _aSmith, T. V. Ed.
_9437352
245 0 _aPhilosophers speak from themselves:
_bFrom Aristotle to Plotinus/
260 _aChicago:
_bThe University of Chicago Press,
_c1956.
300 _aviii,293p.
_ccm.
942 _hRxe7 J6
_cTEXL
_2CC
999 _c753294
_d753294